| 000 -LEADER |
| fixed length control field |
00340nam a2200145Ia 4500 |
| 008 - FIXED-LENGTH DATA ELEMENTS--GENERAL INFORMATION |
| fixed length control field |
180728s9999||||xx |||||||||||||| ||und|| |
| 020 ## - INTERNATIONAL STANDARD BOOK NUMBER |
| International Standard Book Number |
978/8131711385 |
| 082 ## - DEWEY DECIMAL CLASSIFICATION NUMBER |
| Classification number |
339 |
| Item number |
BLA/M |
| 100 ## - MAIN ENTRY--PERSONAL NAME |
| Personal name |
Blanchard, Olivier |
| 245 #0 - TITLE STATEMENT |
| Title |
Macroeconomics, Pearson |
| 250 ## - EDITION STATEMENT |
| Edition statement |
4th Edition |
| 260 ## - PUBLICATION, DISTRIBUTION, ETC. |
| Place of publication, distribution, etc. |
Noida |
| Name of publisher, distributor, etc. |
Pearson |
| Date of publication, distribution, etc. |
2007 |
| 300 ## - PHYSICAL DESCRIPTION |
| Extent |
587p. |
| 942 ## - ADDED ENTRY ELEMENTS (KOHA) |
| Koha item type |
Book |